LEADER 01074nam a2200241 i 4500 001 000000238145 003 CaOOAMICUS 005 20150120000000.0 008 150120s1959 it u000 u ita u 013 $a217050 040 $aSeMil$bita 100 1 $aRogger, Igino .$0(OLS)http://semarc/name/1382 245 10$aS. Vigilio vescovo e patrono di Trento :$borazione sacra pronunciata nella cattedrale di Trento il 26 giugno 1959 /$cIgino Rogger. 260 $aTrento :$b[s.n.],$c1959. 300 $a24 p. :$bill. ;$c20 cm. 500 $aFondo card. Giovanni Colombo. 650 4$aVigilio : di Trento .$0(OLS)http://semarc/subject/19273 850 $aSeMil 852 $aSeMil$W1$xVenegono$y1$m3GC VIII 214/33$j188491$B188491$CSeMilBibl$Z2$F206846 $8B 941 1 $a3 961 $aLascito: Colombo Card. Giovanni 996 $6245$aS. Vigilio vescovo e patrono di Trento :$borazione sacra pronunciata nella cattedrale di Trento il 26 giugno 1959$9(OLS)http://semarc/title/339365 996 $6260$aTrento :$b[s.n.]$9(OLS)http://semarc/publisher/30940 LEADER 01096nam a2200277 i 4500 001 000000085572 003 CaOOAMICUS 005 20180215000000.0 008 180215s1944 it u000 u ita u 013 $a57812 040 $aSeMil$bita 100 1 $aPlus, Raoul,$c.$0(OLS)http://semarc/name/7011 245 10$aSacerdote :$boggi, domani, sempre /$cp. Rodolfo Plus. 260 $aTorino :$bMarietti,$c1944. 300 $a170 p. ;$c18 cm. 490 0 $aCollana ascetica 650 4$aMeditazioni.$0(OLS)http://semarc/subject/1352 650 4$aVocazione.$0(OLS)http://semarc/subject/9323 650 4$aSacerdozio.$0(OLS)http://semarc/subject/255 650 4$aSantità.$0(OLS)http://semarc/subject/6015 830 0$aCollana ascetica.$0(OLS)http://semarc/title/20964 850 $aSeMil 852 $aSeMil$W1$xVenegono$y1$m3G I 387$j49509$B49509$CSeMilBibl$Z2$F53171 $81 961 $aRecupero: Seminario di Seveso 996 $6245$aSacerdote :$boggi, domani, sempre$9(OLS)http://semarc/title/405759 996 $6260$aTorino :$bMarietti$9(OLS)http://semarc/publisher/29916